01015nam a2200313Ia 450000500170000000800410001702000180005810000260007624500920010225000180019430000250021249000160023750000330025353400240028665000340031065000390034465000320038365000450041570000310046074000150049194200150050626400310052133600270055233700330057933800280061204000350064008400110067599900150068620220317001457.0161108s2008 ag g 000 0 s  a97895003633891 aPinter, Haroldd1930-10aViejos tiempos ; TraicióncHarold Pinter ; traducción y notas de Rafael Spregelburd a1a. edición a139 páginasc22 cm aGran teatro aEncuadernado con: Traición tOld times, Bretayal142LEMBaTeatro inglesySiglo XX142LEMBaLiteratura inglesaySiglo XX142LEMBaAmor en la literatura142LEMBaTragedias De Amor en la literatura1 aSpregelburd, Rafael973767 aTraición 2loccBKLIT aBuenos AiresbLosadac2008 atextobtxt2rdacontent asin mediaciónbn2rdamedia avolumenbnc2rdacarrier aCO-BoRNBPbspaerdacCO-BoRNBP aT PIN7 c7092d7092